000 00768nam a22001337a 4500
040 _cRUA
082 _aAGR CHE 2012 B052 Or.1
100 _aCHENG DALIS
245 _aThe comparison of rice-parasitic nematodes nudes number on paddy rice field between dry andrainy season in angkor chey district kom pot province,(ការប្រៀបធៀបវត្តមានណេម៉ាតូតលើដំណាំស្រូវ នៅរដូវប្រាំង និងរដូវវស្សាក្នុងស្រុកអង្គរជ័យ ខេត្តកំពត)
260 _aphnom penh
_bRUA
_c2012
300 _aviii, 43p.
_cill.
856 _uhttps://drive.google.com/file/d/1YwL3rrRokS6AW20K55WRfkxIzaddmgWe/view?usp=sharing
942 _cAGR
999 _c1210
_d1210